000 00805nam a2200241 i 4500
001 171361
003 ES-MaACL
005 20230906214619.0
008 090512s1991 fr |||| | fre d
020 _a2-266-03601-7
080 _a(036)=133.1=512.161
100 1 _aColin, Sylvie.
_9140084
245 1 0 _aVoyager en Turquie
_b: guide de conversation /
_cpar Sylvie Colin et Semih Kosar.
246 1 4 _aTurc
_b: voyager en Turquie
260 _aParis :
_bPresses Pocket,
_c1991.
300 _a223 p. ;
_c18 cm.
490 1 _aLes langues pour tous ;
_v3508
650 4 _aLengua turca.
_9140085
700 1 _aKosar, Semih.
_9140086
830 0 _aLes langues pour tous ;
_v3508
_9189015
852 4 _aES-MaACL
_jE-12638
_9R.140195
_z. - Biblioteca Jacinto Martínez Lacalle
999 _c171361
_d171361